| 000 | 01104nam a2200289 i 4500 | ||
|---|---|---|---|
| 001 | 106435 | ||
| 003 | ES-MaACL | ||
| 005 | 20250812035553.0 | ||
| 007 | t| | ||
| 008 | 061116s1966 sp ||||1| spa d | ||
| 080 | _a7(95):061.43 | ||
| 245 | 0 | 0 |
_aArte del Sepik _b: [exposición, Sala de Santa Catalina del Ateneo de Madrid, junio de 1966] / _c[texto de: Eudaldo Serra Güell y Alberto Folch Rusiñol]. |
| 260 |
_a[Madrid] : _bPublicaciones Españolas, _c[1966] |
||
| 300 |
_a[24] p. : _bil. ; _c28 cm. |
||
| 490 | 1 |
_aCuadernos de arte. Colección ordinaria ; _v228 |
|
| 610 | 2 | 7 |
_aAteneo de Madrid- _vExposiciones- _y1960-1969. _91920 |
| 650 | 1 | 4 |
_aArte primitivo- _vExposiciones. _910279 |
| 650 | 1 | 4 |
_aArte- _zSepik (Valle)- _vExposiciones _910120 |
| 655 | 7 |
_2tgfbne _9193628 _aCatálogos de exposiciones |
|
| 700 | 1 |
_aSerra, Eudald. _9105606 |
|
| 700 | 1 |
_aFolch, Alberto. _951436 |
|
| 710 | 2 |
_aAteneo de Madrid. _bSala de Santa Catalina. _91964 |
|
| 830 | 0 |
_aCuadernos de arte. Colección ordinaria _v228 _9180064 |
|
| 852 |
_aES-MaACL _jG-13304(10) |
||
| 942 | _2udc | ||
| 999 |
_c106435 _d106435 |
||